[Event "Saarland-ch C"]
[Site "Schiffweiler"]
[Date "2009.04.06"]
[Round "4"]
[White "Braun, Wilhelm"]
[Black "Fernschild, Patrick"]
[Result "1/2-1/2"]
[WhiteElo "1321"]
[BlackElo "1465"]
[PlyCount "126"]
[EventDate "2009.04.03"]
[EventType "swiss"]
[EventRounds "9"]
[EventCountry "GER"]
[SourceTitle "EXT 2012"]
[Source "ChessBase"]
[SourceDate "2011.11.24"]
[SourceVersion "1"]
[SourceVersionDate "2011.11.24"]
[SourceQuality "1"]

1. e4 e5 2. Nf3 Nc6 3. c3 d6 4. Be2 Nf6 5. d3 Be7 6. a3 Be6 7. Ng5 O-O 8. Nxe6
fxe6 9. O-O d5 10. exd5 exd5 11. b4 a6 12. Nd2 Qd7 13. Bb2 Bd6 14. h3 Rae8 15.
c4 dxc4 16. Nxc4 e4 17. Nxd6 Qxd6 18. Qb3+ Kh8 19. Rad1 Nd4 20. Bxd4 Qxd4 21.
dxe4 Qxe4 22. Bf3 Qe6 23. Qxe6 Rxe6 24. Bxb7 Rb8 25. Bf3 g6 26. Rc1 Ne8 27. Bc6
Nd6 28. Bd7 Re7 29. Bg4 Ra8 30. Bf3 Ra7 31. Bc6 Nb5 32. a4 Nd4 33. Kh2 Nxc6 34.
Rxc6 Re4 35. Rb1 a5 36. bxa5 Rxa4 37. Rbc1 R7xa5 38. Rxc7 Ra2 39. Rf7 Kg8 40.
Rf4 Rf5 41. Rxf5 gxf5 42. f3 Kg7 43. Rc6 Ra4 44. Kg3 Rb4 45. f4 Ra4 46. h4 Ra3+
47. Kh2 Ra2 48. h5 h6 49. Rc3 Ra6 50. Rc7+ Kf8 51. Rh7 Kg8 52. Rd7 Rf6 53. Kh3
Ra6 54. Rd5 Rf6 55. g4 fxg4+ 56. Kxg4 Kf7 57. Rb5 Ke7 58. Re5+ Kf7 59. f5 Rc6
60. Kf4 Kf6 61. Re4 Rb6 62. Re8 Rb4+ 63. Re4 Rb6 1/2-1/2

[Event "AUT-ch U18"]
[Site "Fuerstenfeld"]
[Date "2009.04.06"]
[Round "2"]
[White "Feinig, Mario"]
[Black "Schreiner, Peter"]
[Result "0-1"]
[WhiteElo "2023"]
[BlackElo "2141"]
[PlyCount "54"]
[EventDate "2009.04.06"]
[EventType "swiss"]
[EventRounds "7"]
[EventCountry "AUT"]
[SourceTitle "CBM 129 Extra"]
[Source "ChessBase"]
[SourceDate "2009.05.05"]
[SourceVersion "2"]
[SourceVersionDate "2009.05.20"]
[SourceQuality "1"]

1. e4 e5 2. Nf3 Nc6 3. c3 g6 4. d4 Bg7 5. Bc4 Qe7 6. O-O Nf6 7. dxe5 Nxe5 8.
Nxe5 Qxe5 9. Be3 Qxe4 10. Bd4 O-O 11. Re1 Qc6 12. Na3 a6 13. Qd2 b6 14. Bb3 Bb7
15. f3 Rae8 16. Nc4 d6 17. Ne3 Qd7 18. c4 c5 19. Bc3 b5 20. a3 d5 21. Bxf6 Bxf6
22. Nxd5 Bxd5 23. cxd5 Qd6 24. Rad1 Be5 25. g3 Qf6 26. Re2 Qxf3 27. Rxe5 Rxe5
0-1

[Event "CZE-chT2A 0809"]
[Site "Czechia"]
[Date "2009.04.05"]
[Round "11.6"]
[White "Sladek, Jaroslav"]
[Black "Kotrba, Tomas"]
[Result "0-1"]
[WhiteElo "2062"]
[BlackElo "2133"]
[PlyCount "80"]
[EventDate "2008.10.12"]
[EventType "team-tourn"]
[EventRounds "11"]
[EventCountry "CZE"]
[SourceTitle "EXT 2010"]
[Source "ChessBase"]
[SourceDate "2009.11.30"]
[SourceVersion "1"]
[SourceVersionDate "2009.11.30"]
[SourceQuality "1"]
[WhiteTeam "Plzen Sokol II"]
[BlackTeam "Zizkov"]
[WhiteTeamCountry "CZE"]
[BlackTeamCountry "CZE"]

1. e4 e5 2. Nf3 Nc6 3. c3 f5 4. d4 fxe4 5. Nxe5 Qf6 6. Ng4 Qg6 7. Be2 d5 8. Ne3
Nf6 9. Nxd5 Qxg2 10. Nxf6+ gxf6 11. Bh5+ Kd8 12. Rf1 Bh3 13. Ke2 Qxf1+ 14. Qxf1
Bxf1+ 15. Kxf1 Bd6 16. h3 f5 17. Bh6 Ke7 18. Nd2 Rhg8 19. Nc4 Bh2 20. Ke2 Kf6
21. Rh1 Bd6 22. Ne3 Ne7 23. h4 Ng6 24. Bg5+ Ke6 25. d5+ Ke5 26. Rd1 Nf4+ 27.
Kf1 Rxg5 28. Nc4+ Kf6 29. hxg5+ Kxg5 30. Be2 h5 31. Ne3 h4 32. Ng2 h3 33. Nxf4
Kxf4 34. Kg1 Rg8+ 35. Kh2 Rg2+ 36. Kxh3 Rxf2 37. Rf1 Rxf1 38. Bxf1 Kf3 39. b3
e3 40. Bg2+ Kf2 0-1

[Event "CZE-chT2C 0809"]
[Site "Czechia"]
[Date "2009.04.05"]
[Round "11.5"]
[White "Petuchov, Sergej"]
[Black "Kaplan, Daniel"]
[Result "1-0"]
[WhiteElo "2176"]
[BlackElo "2131"]
[PlyCount "71"]
[EventDate "2008.10.12"]
[EventType "team-tourn"]
[EventRounds "11"]
[EventCountry "CZE"]
[SourceTitle "EXT 2010"]
[Source "ChessBase"]
[SourceDate "2009.11.30"]
[SourceVersion "1"]
[SourceVersionDate "2009.11.30"]
[SourceQuality "1"]
[WhiteTeam "Rapid"]
[BlackTeam "Kolin"]
[WhiteTeamCountry "CZE"]
[BlackTeamCountry "CZE"]

1. e4 e5 2. Nf3 Nc6 3. c3 Nf6 4. d4 d6 5. Nbd2 Be7 6. Bb5 exd4 7. cxd4 Bd7 8.
O-O O-O 9. Re1 a6 10. Ba4 b5 11. Bc2 Nb4 12. Bb1 c5 13. e5 dxe5 14. dxe5 Ne8
15. a3 Nc6 16. Qc2 g6 17. Ne4 Bf5 18. Bf4 Rc8 19. Rd1 Qa5 20. Qe2 Kh8 21. Nd6
Bxd6 22. Bxf5 gxf5 23. exd6 Ng7 24. d7 Rcd8 25. Bd6 Rg8 26. Ne5 Nxe5 27. Bxe5
Qb6 28. Rd6 Qb7 29. Rad1 b4 30. axb4 cxb4 31. Bf6 h6 32. Bxd8 Ne6 33. Bf6+ Kh7
34. Qf1 Nf4 35. g3 Qf3 36. Re1 1-0

[Event "Czech League 2008/09 (2nd) (f)"]
[Site "Czech Republic"]
[Date "2009.04.05"]
[Round "11"]
[White "Mrazek, Lubomir"]
[Black "Benes, Miroslav"]
[Result "1-0"]
[WhiteElo "2149"]
[BlackElo "1994"]
[PlyCount "57"]
[EventDate "2009.??.??"]
[EventRounds "11"]
[SourceTitle "OM OTB B 201907"]
[Source "Opening Master"]
[SourceDate "2019.07.06"]
[SourceVersion "2"]
[SourceVersionDate "2019.07.06"]
[SourceQuality "1"]

1. e4 e5 2. Nf3 Nc6 3. c3 d5 4. Bb5 dxe4 5. Nxe5 Qd5 6. Qa4 Nge7 7. Nxc6 Nxc6
8. O-O Bd7 9. Re1 O-O-O 10. Na3 Bxa3 11. bxa3 f5 12. Rb1 Rhe8 13. c4 Qc5 14. d3
exd3 15. Be3 Nd4 16. Bxd7+ Rxd7 17. Rxb7 Qc6 18. Reb1 Rde7 19. Qxa7 Ne2+ 20.
Kh1 Nf4 21. Rb8+ Kd7 22. Qd4+ Qd6 23. Rxe8 Rxe8 24. Qxd6+ cxd6 25. Bxf4 Re2 26.
g3 d2 27. Kg2 Re1 28. Rb7+ Kc6 29. Bxd2 1-0

[Event "HUN-chT2 Maroczy 0809"]
[Site "Hungary"]
[Date "2009.04.05"]
[Round "10"]
[White "Papp Zoltan, Csaba"]
[Black "Papp, Abel"]
[Result "1-0"]
[WhiteElo "2294"]
[BlackElo "2214"]
[PlyCount "81"]
[EventDate "2008.10.26"]
[EventType "team-tourn"]
[EventRounds "11"]
[EventCountry "HUN"]
[SourceTitle "EXT 2010"]
[Source "ChessBase"]
[SourceDate "2009.11.30"]
[SourceVersion "1"]
[SourceVersionDate "2009.11.30"]
[SourceQuality "1"]
[WhiteTeam "Fuzesabony"]
[BlackTeam "Miskolc EMSE"]
[WhiteTeamCountry "HUN"]
[BlackTeamCountry "HUN"]

1. e4 e5 2. Nf3 Nc6 3. c3 Nf6 4. d4 Nxe4 5. d5 Nb8 6. Bd3 Nc5 7. Nxe5 Nxd3+ 8.
Nxd3 Be7 9. O-O O-O 10. c4 d6 11. Nc3 Bf5 12. Qf3 Bg6 13. Ne2 Nd7 14. Ng3 Bf6
15. Nf4 Re8 16. Nxg6 hxg6 17. Rb1 a5 18. Bf4 Ne5 19. Qb3 b6 20. Qc2 Qc8 21.
Rbd1 Nd7 22. Rfe1 Nc5 23. Be3 Qd7 24. Bxc5 bxc5 25. Ne4 Qf5 26. Nxf6+ Qxf6 27.
Re2 Rxe2 28. Qxe2 Rb8 29. b3 a4 30. Qc2 axb3 31. axb3 Ra8 32. h3 Qe5 33. Qb1
Qc3 34. Re1 Qd4 35. g3 Qf6 36. Kg2 Qc3 37. Re7 Rb8 38. Qe4 Qxb3 39. Rxc7 Qb1
40. Rc8+ Rxc8 41. Qxb1 1-0

[Event "Saarland-ch C"]
[Site "Schiffweiler"]
[Date "2009.04.05"]
[Round "3"]
[White "Braun, Wilhelm"]
[Black "Metzler, Janett"]
[Result "1-0"]
[WhiteElo "1321"]
[BlackElo "1150"]
[PlyCount "85"]
[EventDate "2009.04.03"]
[EventType "swiss"]
[EventRounds "9"]
[EventCountry "GER"]
[SourceTitle "EXT 2012"]
[Source "ChessBase"]
[SourceDate "2011.11.24"]
[SourceVersion "1"]
[SourceVersionDate "2011.11.24"]
[SourceQuality "1"]

1. e4 e5 2. Nf3 Nc6 3. c3 Nf6 4. d3 d5 5. exd5 Qxd5 6. Be2 Bc5 7. O-O O-O 8. b4
Bd6 9. Ng5 Nxb4 10. cxb4 Qd4 11. Qc2 Bxb4 12. Bb2 Qf4 13. Ne4 Ng4 14. Bxg4 Bxg4
15. f3 Qe3+ 16. Qf2 Qxf2+ 17. Rxf2 Bf5 18. Kh1 f6 19. Nbc3 Rad8 20. Rd1 a6 21.
a3 Bxc3 22. Bxc3 Rd5 23. Rfd2 Rfd8 24. h3 h5 25. a4 g5 26. Nxf6+ Kf7 27. Nxd5
Rxd5 28. d4 c6 29. dxe5 Rc5 30. Bd4 Rc4 31. a5 c5 32. Bg1 Rc3 33. Re1 Be6 34.
Rb1 Rb3 35. Rxb3 Bxb3 36. Bxc5 Ke6 37. Bd4 Kf5 38. g3 Bd5 39. Kg2 g4 40. hxg4+
hxg4 41. Kf2 gxf3 42. Bb2 Kg4 43. Rxd5 1-0

[Event "CRO-chT2a"]
[Site "Croatia"]
[Date "2009.04.04"]
[Round "1"]
[White "Grbac, Boris"]
[Black "Franciskovic, Vinko"]
[Result "1-0"]
[WhiteElo "2142"]
[BlackElo "2090"]
[PlyCount "57"]
[EventDate "2009.04.04"]
[EventType "team-tourn"]
[EventRounds "9"]
[EventCountry "CRO"]
[SourceTitle "EXT 2010"]
[Source "ChessBase"]
[SourceDate "2009.11.30"]
[SourceVersion "1"]
[SourceVersionDate "2009.11.30"]
[SourceQuality "1"]

1. e4 e5 2. Nf3 Nc6 3. c3 d6 4. d4 Bg4 5. Be2 Nge7 6. d5 Nb8 7. Qb3 Qc8 8. Be3
Nd7 9. Nbd2 f5 10. h3 Bxf3 11. Nxf3 f4 12. Bd2 h6 13. g3 fxg3 14. fxg3 g6 15.
Nh2 Nc5 16. Qc4 b5 17. Qxb5+ c6 18. dxc6 Rb8 19. Qc4 Rxb2 20. Rf1 Qxc6 21. Ng4
Qb6 22. Be3 Rb1+ 23. Rxb1 Qxb1+ 24. Kf2 Qb7 25. Nf6+ Kd8 26. Bxc5 dxc5 27. Rd1+
Kc8 28. Bg4+ Nf5 29. Qe6+ 1-0

[Event "Saarland-ch C"]
[Site "Schiffweiler"]
[Date "2009.04.03"]
[Round "1"]
[White "Braun, Wilhelm"]
[Black "Mecha, David"]
[Result "1-0"]
[WhiteElo "1321"]
[BlackElo "1087"]
[PlyCount "87"]
[EventDate "2009.04.03"]
[EventType "swiss"]
[EventRounds "9"]
[EventCountry "GER"]
[SourceTitle "EXT 2012"]
[Source "ChessBase"]
[SourceDate "2011.11.24"]
[SourceVersion "1"]
[SourceVersionDate "2011.11.24"]
[SourceQuality "1"]

1. e4 e5 2. Nf3 Nc6 3. c3 Nf6 4. d3 d5 5. exd5 Nxd5 6. Be2 Bd6 7. O-O Nf4 8.
Bxf4 exf4 9. Re1 O-O 10. Nbd2 Re8 11. d4 Bg4 12. Qc2 Re7 13. Bd3 g6 14. h3 Bxf3
15. Nxf3 Qd7 16. Rxe7 Nxe7 17. Re1 Re8 18. Qd2 b6 19. c4 c5 20. d5 Nf5 21.
Rxe8+ Qxe8 22. Bxf5 gxf5 23. b3 a5 24. a4 Qe4 25. Qd1 f6 26. h4 h6 27. Qe1
Qxe1+ 28. Nxe1 Kg7 29. h5 Kf7 30. Nf3 Ke7 31. Nh4 Kd7 32. Nxf5 f3 33. g3 Bf8
34. Nh4 Kd6 35. Nxf3 f5 36. Kg2 Ke7 37. Nh4 Kf6 38. f4 Bd6 39. Kf3 Bc7 40. g4
fxg4+ 41. Kxg4 Kg7 42. Kf5 Kf7 43. Ng6 Kg7 44. Ke6 1-0

[Event "Leipzig VfB op 16th"]
[Site "Leipzig"]
[Date "2009.04.02"]
[Round "5"]
[White "Didt, Hartmut"]
[Black "Langer, Stefan"]
[Result "1/2-1/2"]
[WhiteElo "1923"]
[BlackElo "1542"]
[PlyCount "93"]
[EventDate "2009.03.31"]
[EventType "swiss"]
[EventRounds "9"]
[EventCountry "GER"]
[SourceTitle "EXT 2010"]
[Source "ChessBase"]
[SourceDate "2009.11.30"]
[SourceVersion "1"]
[SourceVersionDate "2009.11.30"]
[SourceQuality "1"]

1. e4 e5 2. Nf3 Nc6 3. c3 d5 4. Qa4 Bd7 5. exd5 Nd4 6. Qd1 Nxf3+ 7. Qxf3 Nf6 8.
Bc4 Bd6 9. h3 O-O 10. O-O e4 11. Qe3 Qe7 12. d4 Nh5 13. Qg5 Nf6 14. Bf4 a5 15.
a3 h6 16. Bxd6 Qxd6 17. Qc1 Nxd5 18. Re1 Rfe8 19. Nd2 Bf5 20. Nf1 c6 21. Ne3
Bd7 22. Ba2 Kh8 23. Nc4 Qg6 24. Kh2 Qf6 25. Ne5 Be6 26. Qd2 Qh4 27. Re2 g5 28.
Rae1 e3 29. fxe3 g4 30. Bxd5 Bxd5 31. e4 Be6 32. Qe3 gxh3 33. gxh3 Rg8 34. Rg2
Rxg2+ 35. Kxg2 Rg8+ 36. Kf1 Bxh3+ 37. Ke2 Rg2+ 38. Kd1 Rxb2 39. Nxf7+ Kh7 40.
Kc1 Ra2 41. Kb1 Be6 42. Qxh6+ Qxh6 43. Nxh6 Rxa3 44. Nf5 Rxc3 45. Rh1+ Kg6 46.
Rh6+ Kf7 47. Rh7+ 1/2-1/2

[Event "SB-2009-0-00046"]
[Site "Lechenicher SchachServer"]
[Date "2009.04.02"]
[Round "?"]
[White "Hrubaru, Mircea"]
[Black "Soreghy, Janos"]
[Result "1-0"]
[WhiteElo "2067"]
[BlackElo "1878"]
[PlyCount "99"]
[EventDate "2009.02.09"]
[SourceTitle "OM Corr 202003"]
[Source "Opening Master"]
[SourceDate "2019.05.30"]
[SourceVersion "2"]
[SourceVersionDate "2019.05.30"]
[SourceQuality "1"]

1. e4 e5 2. Nf3 Nc6 3. c3 d5 4. Qa4 Qd6 5. Bb5 Bd7 6. exd5 Qxd5 7. d3 Nf6 8.
O-O Be7 9. Qb3 Qxb3 10. axb3 Bd6 11. Nbd2 Ne7 12. Bxd7+ Nxd7 13. b4 O-O 14. Nc4
f6 15. Nfd2 Nb6 16. Na5 Rfb8 17. Ne4 Nbd5 18. f4 Nxf4 19. Bxf4 exf4 20. Nxd6
cxd6 21. Rxf4 b6 22. Nc4 d5 23. Ne3 a5 24. Ra4 Kf7 25. Rd4 Ke6 26. Kf2 Rd8 27.
Rh4 h6 28. Ke2 Rdb8 29. Kd2 Nf5 30. Nxf5 Kxf5 31. bxa5 bxa5 32. Ra2 Ra7 33. Rd4
Rb5 34. Rda4 Rab7 35. Kc1 Re7 36. Rxa5 Rxa5 37. Rxa5 Re1+ 38. Kd2 Rg1 39. g3
Rg2+ 40. Ke3 Rxh2 41. b4 Rb2 42. Rxd5+ Kg4 43. c4 Kxg3 44. c5 Rxb4 45. c6 Rb8
46. c7 Rc8 47. Rd7 g5 48. d4 f5 49. d5 f4+ 50. Kd4 1-0

[Event "Leipzig VfB op 16th"]
[Site "Leipzig"]
[Date "2009.04.01"]
[Round "3"]
[White "Didt, Hartmut"]
[Black "Lindner, Heiko"]
[Result "1-0"]
[WhiteElo "1923"]
[BlackElo "1528"]
[PlyCount "135"]
[EventDate "2009.03.31"]
[EventType "swiss"]
[EventRounds "9"]
[EventCountry "GER"]
[SourceTitle "EXT 2010"]
[Source "ChessBase"]
[SourceDate "2009.11.30"]
[SourceVersion "1"]
[SourceVersionDate "2009.11.30"]
[SourceQuality "1"]

1. e4 e5 2. Nf3 Nc6 3. c3 Nf6 4. d4 exd4 5. e5 Nd5 6. cxd4 d6 7. Bb5 Be7 8. O-O
O-O 9. a3 Bg4 10. Be2 dxe5 11. dxe5 Be6 12. Nbd2 a6 13. Ne4 f6 14. exf6 Nxf6
15. Qc2 Nxe4 16. Qxe4 Bf5 17. Bc4+ Kh8 18. Qe2 Bf6 19. Be3 Qe7 20. Rad1 Bg4 21.
b4 b5 22. Bd5 Nd4 23. Qd3 Bxf3 24. gxf3 c6 25. Be4 Rad8 26. Bxd4 Bxd4 27. Qc2
Qh4 28. Rd2 Be5 29. Rfd1 Qxh2+ 30. Kf1 Rc8 31. Qc5 Bf4 32. Rd7 Qh6 33. Qe7 Rce8
34. Rd8 Qh1+ 35. Ke2 Qxd1+ 36. Kxd1 Rxd8+ 37. Kc2 Rd2+ 38. Kc3 Rdd8 39. Qh4 h6
40. Qh5 Rf6 41. Qc5 a5 42. bxa5 Bd2+ 43. Kb3 Bxa5 44. Qe7 Bb6 45. Kc3 c5 46.
Qe5 Rdf8 47. Kd2 Rd8+ 48. Ke2 Rfd6 49. Qf5 Kg8 50. Qh7+ Kf8 51. Bg6 Rxg6 52.
Qxg6 Re8+ 53. Kf1 Bd8 54. Qf5+ Kg8 55. Qxc5 g5 56. Qxb5 Kf7 57. a4 h5 58. a5
Bxa5 59. Qxa5 Kf6 60. Qd5 h4 61. Kg2 Re5 62. Qd6+ Re6 63. Qf8+ Kg6 64. Qg8+ Kf5
65. Kh3 Rf6 66. Qd5+ Kg6 67. Qe4+ Rf5 68. Kg4 1-0

[Event "Tournament (open)"]
[Site "Kimry (Russia)"]
[Date "2009.04.??"]
[Round "6"]
[White "Kuryshkin, Anatoliy"]
[Black "Markov, Mikhail"]
[Result "1-0"]
[WhiteElo "1976"]
[BlackElo "1856"]
[PlyCount "89"]
[EventDate "2009.??.??"]
[EventRounds "8"]
[SourceTitle "OM OTB B 201907"]
[Source "Opening Master"]
[SourceDate "2019.07.06"]
[SourceVersion "2"]
[SourceVersionDate "2019.07.06"]
[SourceQuality "1"]

1. e4 e5 2. Nf3 Nc6 3. c3 d5 4. exd5 Qxd5 5. Qa4 Bd7 6. Qb5 Qxb5 7. Bxb5 Bd6 8.
d4 exd4 9. Nxd4 Nxd4 10. Bxd7+ Kxd7 11. cxd4 Re8+ 12. Kd1 Nf6 13. f3 Re6 14.
Nc3 a6 15. a3 Rhe8 16. Bd2 h6 17. g3 c6 18. Kc2 Kc7 19. Kd3 Rd8 20. Na4 Kb8 21.
Rhe1 Rde8 22. Nb6 Rxe1 23. Rxe1 Rxe1 24. Bxe1 Bc7 25. Nc4 Nd5 26. Bb4 Nxb4+ 27.
axb4 Kc8 28. Ne3 g6 29. Ng4 h5 30. Ne5 Bxe5 31. dxe5 Kd7 32. Kd4 b6 33. f4 Ke6
34. b3 Kf5 35. Ke3 f6 36. exf6 Kxf6 37. Ke4 Ke6 38. h3 c5 39. bxc5 bxc5 40. Kd3
Kd5 41. g4 hxg4 42. hxg4 c4+ 43. bxc4+ Ke6 44. Kd4 a5 45. Kc5 1-0

[Event "BL2-West 0809"]
[Site "Germany"]
[Date "2009.03.29"]
[Round "9.8"]
[White "Angermuende, Dirk"]
[Black "Korth, Daniel"]
[Result "0-1"]
[WhiteElo "2030"]
[BlackElo "2210"]
[PlyCount "108"]
[EventDate "2008.10.05"]
[EventType "team-tourn"]
[EventRounds "9"]
[EventCountry "GER"]
[SourceTitle "CBM 129 Extra"]
[Source "ChessBase"]
[SourceDate "2009.05.05"]
[SourceVersion "2"]
[SourceVersionDate "2009.05.20"]
[SourceQuality "1"]
[WhiteTeam "Gerresheim"]
[BlackTeam "Muenster"]
[WhiteTeamCountry "GER"]
[BlackTeamCountry "GER"]

1. e4 e5 2. Nf3 Nc6 3. c3 Nf6 4. d4 exd4 5. e5 Nd5 6. Be2 Be7 7. O-O O-O 8.
cxd4 d6 9. exd6 Qxd6 10. Qd2 Bf5 11. a3 a6 12. Nc3 Rad8 13. Rd1 h6 14. Nxd5
Qxd5 15. Qc3 Qd6 16. Be3 Bf6 17. Rac1 Be4 18. Nd2 Bd5 19. b4 Rd7 20. Bg4 Re7
21. Bf3 Bxf3 22. Nxf3 Rd7 23. h3 Ne7 24. Qc5 c6 25. Ne5 Qxc5 26. Rxc5 Bxe5 27.
Rxe5 Nd5 28. Bc1 f6 29. Re6 Kf7 30. Rde1 Rfd8 31. Bb2 Re7 32. Rxe7+ Nxe7 33. g4
Nd5 34. Bc1 Rd6 35. Kg2 Re6 36. Rxe6 Kxe6 37. Kf3 Nc3 38. Bb2 Na4 39. Bc1 Kd5
40. Kf4 g6 41. h4 Nc3 42. Kf3 h5 43. gxh5 gxh5 44. Bb2 Ne4 45. Ke3 Nd6 46. Kf4
Ke6 47. Bc1 Nf5 48. a4 b5 49. axb5 axb5 50. Ke4 Nxh4 51. d5+ cxd5+ 52. Kd4 Nf3+
53. Kc5 h4 54. Kxb5 h3 0-1

[Event "Bader Memorial op"]
[Site "Heves"]
[Date "2009.03.28"]
[Round "5"]
[White "Papp Zoltan, Csaba"]
[Black "Szurovszky, Elek"]
[Result "1/2-1/2"]
[WhiteElo "2298"]
[BlackElo "2132"]
[PlyCount "57"]
[EventDate "2009.03.26"]
[EventType "swiss"]
[EventRounds "7"]
[EventCountry "HUN"]
[SourceTitle "EXT 2011"]
[Source "ChessBase"]
[SourceDate "2010.11.26"]
[SourceVersion "1"]
[SourceVersionDate "2010.11.26"]
[SourceQuality "1"]

1. e4 e5 2. Nf3 Nc6 3. c3 g6 4. d4 Bg7 5. Bc4 d6 6. O-O Nge7 7. Be3 O-O 8. h3
exd4 9. Nxd4 d5 10. exd5 Nxd5 11. Nxc6 bxc6 12. Bd4 Nf4 13. Qf3 Bxd4 14. Qxf4
Bg7 15. Na3 Qd6 16. Qf3 Rb8 17. Rad1 Qf6 18. Qxf6 Bxf6 19. Rd2 Bf5 20. g4 Be4
21. Be2 Rfd8 22. Rfd1 Rxd2 23. Rxd2 Bg5 24. Rd4 Bd5 25. Nc4 Re8 26. Kf1 Kg7 27.
Na5 Bc1 28. Nc4 Bg5 29. Na5 1/2-1/2

[Event "31st GK tournament"]
[Site "http://gameknot.com/chess.pl?"]
[Date "2009.03.28"]
[Round "?"]
[White "nordlicht"]
[Black "silviopu"]
[Result "1-0"]
[WhiteElo "2065"]
[BlackElo "2241"]
[PlyCount "113"]
[EventDate "2009.??.??"]
[SourceTitle "OM Portal C 201906"]
[Source "Opening Master"]
[SourceDate "2019.06.27"]
[SourceVersion "1"]
[SourceVersionDate "2019.06.27"]
[SourceQuality "1"]

1. e4 e5 2. Nf3 Nc6 3. c3 f5 4. d4 fxe4 5. Nxe5 Nf6 6. Be2 d6 7. Nxc6 bxc6 8.
O-O Be7 9. Bh5+ Nxh5 10. Qxh5+ g6 11. Qe2 d5 12. Bh6 Bd6 13. Bg7 Rg8 14. Be5
Bxe5 15. dxe5 Qg5 16. Nd2 Rb8 17. b3 Bh3 18. f3 e3 19. Nb1 Rf8 20. Na3 Bc8 21.
Rad1 Qxe5 22. Rd3 Kf7 23. Rxe3 Qd6 24. Re1 Kg8 25. Nc2 c5 26. Qd2 Bd7 27. Re5
Rf5 28. Re7 Rbf8 29. Ne3 Rh5 30. Nf1 Rf7 31. Rxf7 Kxf7 32. g4 Rh4 33. Qg5 Rxh2
34. Nxh2 Qg3+ 35. Kf1 Qh3+ 36. Ke2 Qxh2+ 37. Kd1 Be6 38. Qe3 Qd6 39. Kd2 a5 40.
g5 Qh2+ 41. Re2 Qd6 42. f4 Bd7 43. Rh2 Kg8 44. Qe5 Bg4 45. Rh1 Qd8 46. Re1 Kf7
47. Rg1 Bf5 48. Rg2 Qd6 49. Rh2 Kg8 50. Re2 Be4 51. Qxd6 cxd6 52. a3 Kf7 53. b4
cxb4 54. axb4 axb4 55. cxb4 Ke6 56. Rh2 d4 57. Rxh7 1-0

[Event "Reykjavik op"]
[Site "Reykjavik"]
[Date "2009.03.25"]
[Round "2"]
[White "Hug, Marcel"]
[Black "Brynjarsson, Helgi"]
[Result "0-1"]
[WhiteElo "2257"]
[BlackElo "1949"]
[PlyCount "102"]
[EventDate "2009.03.24"]
[EventType "swiss"]
[EventRounds "9"]
[EventCountry "ISL"]
[SourceTitle "CBM 129 Extra"]
[Source "ChessBase"]
[SourceDate "2009.05.05"]
[SourceVersion "2"]
[SourceVersionDate "2009.05.20"]
[SourceQuality "1"]

1. e4 e5 2. Nf3 Nc6 3. c3 Nf6 4. d4 exd4 5. e5 Ng8 6. cxd4 Bb4+ 7. Nc3 d6 8.
Bb5 Bd7 9. Bg5 Nge7 10. O-O Bxc3 11. bxc3 Nxe5 12. Bxe7 Kxe7 13. dxe5 Bxb5 14.
Re1 d5 15. Qb1 Bc6 16. Qb4+ Ke8 17. e6 f6 18. e7 Qd6 19. Qg4 Kf7 20. Re3 Bd7
21. Qh5+ g6 22. Qh6 Rae8 23. Rae1 c5 24. Qh4 b5 25. h3 a5 26. a3 h5 27. R1e2
Bf5 28. Nd2 g5 29. Qg3 Qxg3 30. fxg3 a4 31. Rf2 Be6 32. Nf3 Kxe7 33. Rb2 Rb8
34. h4 gxh4 35. Nxh4 Rhg8 36. Kf2 Rg4 37. Nf3 Kd6 38. Ne1 b4 39. Nd3 b3 40. Nf4
Bf7 41. Ne2 d4 42. Rf3 Ke5 43. Nf4 c4 44. cxd4+ Kxd4 45. Ne2+ Ke5 46. Nc3 Bd5
47. Re2+ Be4 48. Rf4 Rxf4+ 49. gxf4+ Kd4 50. Nxe4 c3 51. Re1 b2 0-1

[Event "CC.2009.0.00160"]
[Site "IECG"]
[Date "2009.03.25"]
[Round "1"]
[White "Ellis, Aidan"]
[Black "De Ridder, Michael"]
[Result "0-1"]
[WhiteElo "1785"]
[BlackElo "1711"]
[PlyCount "28"]
[EventDate "2009.03.25"]
[EventType "tourn (corr)"]
[SourceTitle "OM Corr 202003"]
[Source "Opening Master"]
[SourceDate "2019.05.30"]
[SourceVersion "2"]
[SourceVersionDate "2019.05.30"]
[SourceQuality "1"]

1. e4 Nc6 2. Nf3 e5 3. c3 d5 4. Bb5 dxe4 5. Nxe5 Qg5 6. d4 Qxg2 7. Rf1 Bd6 8.
Bf4 Nge7 9. d5 a6 10. Ba4 b5 11. dxc6 bxa4 12. Bg3 Bxe5 13. Bxe5 Bg4 14. Qc2 e3
0-1

[Event "CZE-chT2A 0809"]
[Site "Czechia"]
[Date "2009.03.22"]
[Round "10.7"]
[White "Sladek, Jaroslav"]
[Black "Kratochvil, Jiri"]
[Result "1-0"]
[WhiteElo "2062"]
[BlackElo "1823"]
[PlyCount "91"]
[EventDate "2008.10.12"]
[EventType "team-tourn"]
[EventRounds "11"]
[EventCountry "CZE"]
[SourceTitle "EXT 2010"]
[Source "ChessBase"]
[SourceDate "2009.11.30"]
[SourceVersion "1"]
[SourceVersionDate "2009.11.30"]
[SourceQuality "1"]
[WhiteTeam "Plzen Sokol II"]
[BlackTeam "Ceske Budejovice II"]
[WhiteTeamCountry "CZE"]
[BlackTeamCountry "CZE"]

1. e4 e5 2. Nf3 Nc6 3. c3 Bc5 4. d4 exd4 5. cxd4 Bb4+ 6. Bd2 Qe7 7. Bd3 d6 8.
Bxb4 Nxb4 9. Qa4+ Nc6 10. d5 Bd7 11. dxc6 Bxc6 12. Bb5 Bxb5 13. Qxb5+ c6 14.
Qe2 Nf6 15. e5 dxe5 16. Qxe5 Qxe5+ 17. Nxe5 O-O 18. O-O Rfe8 19. Nc4 Rad8 20.
Ne3 Ne4 21. Nc3 Nc5 22. Rad1 Nd3 23. Rd2 Nf4 24. Rfd1 Rxd2 25. Rxd2 f5 26. g3
Ne6 27. Nxf5 Ng5 28. Kg2 g6 29. Nh6+ Kg7 30. Ng4 Re7 31. f4 Nf7 32. Re2 Rd7 33.
Ne5 Rd4 34. Nxf7 Kxf7 35. Re4 Rd2+ 36. Re2 Rd4 37. Kf3 a6 38. Ke3 Rd7 39. Rd2
Re7+ 40. Ne4 b6 41. Rd6 Rc7 42. g4 a5 43. f5 gxf5 44. gxf5 b5 45. Ng5+ Kg8 46.
Rd8+ 1-0

[Event "CZE-chT2A 0809"]
[Site "Czechia"]
[Date "2009.03.22"]
[Round "10.5"]
[White "Palkova, Katerina"]
[Black "Plesek, Jiri"]
[Result "0-1"]
[WhiteElo "2054"]
[BlackElo "2162"]
[PlyCount "74"]
[EventDate "2008.10.12"]
[EventType "team-tourn"]
[EventRounds "11"]
[EventCountry "CZE"]
[SourceTitle "EXT 2010"]
[Source "ChessBase"]
[SourceDate "2009.11.30"]
[SourceVersion "1"]
[SourceVersionDate "2009.11.30"]
[SourceQuality "1"]
[WhiteTeam "Klatovy Sokol "]
[BlackTeam "Praha Pankrac II"]
[WhiteTeamCountry "CZE"]
[BlackTeamCountry "CZE"]

1. e4 e5 2. Nf3 Nc6 3. c3 Nf6 4. d4 d6 5. Bb5 Bd7 6. O-O Be7 7. Re1 O-O 8. Ba4
Re8 9. Bg5 h6 10. Bh4 Nh7 11. Bg3 Bf6 12. d5 Nb8 13. Bxd7 Nxd7 14. Nbd2 Ng5 15.
Nf1 Rf8 16. h3 g6 17. Rc1 Nxf3+ 18. Qxf3 Bg5 19. Rc2 f5 20. exf5 gxf5 21. Rce2
Qe8 22. Qd3 Nc5 23. Qc4 b5 24. Qb4 Nd3 25. Qb3 Nxe1 26. Rxe1 Qd7 27. f3 a5 28.
Bf2 Rae8 29. c4 bxc4 30. Qxc4 Rb8 31. b3 Rb4 32. Qc3 Rfb8 33. Ne3 Bxe3 34. Bxe3
f4 35. Bd2 R4b5 36. Qc4 Qf7 37. Bxf4 Rb4 0-1